000 01016nam a2200313Ia 4500
003 OSt
005 20221007123157.0
006 a|||||r|||| 00| 0
007 ta
008 221006b |||||||| |||| 00| 0 eng d
020 _a9789813235182 (pbk)
024 _a200926
037 _b6164, 18/02/2020, Ashutosh Technical Books
_cTextual
040 _aPAPL
_cPAPL
_beng
041 _2eng
_aeng
082 _aCN2, Q9 Carpa
100 _aWang Jinhui
_9716748
245 0 _aCompetitive physics: Mechanics and waves
_b Ricardo Bernard
260 _aSingapore
_bWorld Scientific
_c2019
300 _axiv, 816p. ill.
_ccm.
500 _aBibliography 811p.; Index 813-816p.
650 _a Fluids
_9716227
650 _a Ratational dynamics
_9716749
650 _a Waves
_9714062
650 _aPhysics
700 _a Ricardo Bernard
_9716750
942 _hCN2, Q9 Carpa
_cTEXL
_2CC
999 _c1211485
_d1211485